00397nam a22001457a 4500020001800000082000800018100002600026245001500052250001100067260003000078300000900108942000700117999001500124952011200139 a9788131773444 a150 aRobert A. Baran et al aPsychology a5th ed aNew DelhibPearsonc2014. a649p cBK c2852d2852 001040708NFICaCLbCLcGENd2016-03-22l7m5o150 BARpS3H-S-385r2026-05-11s2026-04-15w2016-03-22yBK